Estética del cine
Gespeichert in:
| 1. Verfasser: | |
|---|---|
| Format: | Buch |
| Sprache: | Spanisch |
| Veröffentlicht: |
Madrid
Machado Libros
2004
|
| Schriftenreihe: | La Balsa de la Medusa, 142
|
| Schlagworte: | |
| Tags: |
Tag hinzufügen
Keine Tags, Fügen Sie den ersten Tag hinzu!
|
MARC
| LEADER | 00000nam a2200000 a 4500 | ||
|---|---|---|---|
| 001 | UCJ0644 | ||
| 003 | CL-VaPUC | ||
| 008 | 060825e20040000SP |||||||||||||||||spa|d | ||
| 020 | |a 8477746427 | ||
| 082 | 0 | 4 | |a 791.401 |b PEZ |2 21 |
| 100 | 0 | |a Pezella, Mario |e author |9 500860 | |
| 245 | 1 | 0 | |a Estética del cine |
| 300 | |a 168 p | ||
| 942 | |c BK | ||
| 945 | |d 20060825 00:00:00 |a jtorresc | ||
| 260 | |a Madrid |b Machado Libros |c 2004 | ||
| 650 | 0 | |a Cine |9 225706 | |
| 650 | 0 | |a Estética |9 264950 | |
| 583 | |a last modification |c 20180402 05:50:46 |k Rodrigo Vera | ||
| 490 | 0 | |a La Balsa de la Medusa, 142 | |
| 999 | |c 317408 |d 317406 | ||
| 952 | |0 0 |1 0 |4 0 |6 791_401000000000000_PEZ_2004 |7 0 |8 A |9 393751 |a BIBART |b BIBART |d 2019-11-22 |i 425824K |o 791.401 PEZ 2004 |p 425824K |r 2025-03-13 |w 2019-11-22 |y BK |k ART | ||
| 952 | |0 0 |1 0 |4 0 |6 791_401000000000000_PEZ_2004 |7 0 |8 A |9 393752 |a BIBHIS |b BIBHIS |d 2019-11-22 |i 425743K |o 791.401 PEZ 2004 |p 425743K |r 2025-01-20 |w 2019-11-22 |y BK |k HIS | ||